| 000 | 01730nam a2200529 a 4500 | ||
|---|---|---|---|
| 001 | 22699 | ||
| 003 | SK-KTurca | ||
| 005 | 20260420164254.0 | ||
| 008 | 160610s2010 xo a c 000 0 slo | ||
| 015 | _aSNBA2011/05-02519 | ||
| 020 | _a9788081073519 | ||
| 035 | _aA61266CC-EB05-4BE5-B74F-23E399CE0B3C | ||
| 035 | _aurn:nbn:sk:snk-aml1oe | ||
| 035 | _aurn:nbn:sk:snk-am008na8 | ||
| 040 |
_aTOTK _bslo _cTOTK _dSNK _eAACR2 |
||
| 041 | 1 |
_aslo _heng |
|
| 044 |
_axo _cSK |
||
| 072 | 7 |
_a74 _xKresba. Umelecké remeslá _2konspekt |
|
| 072 | 7 |
_a0/9-053.2 _xLiteratúra pre deti a mládež (náučná) _2konspekt |
|
| 080 |
_a75 _22001 |
||
| 080 |
_a741 _22001 |
||
| 080 |
_a745 _22001 |
||
| 080 |
_a(035) _22001 |
||
| 080 |
_a(0.053.2) _22001 |
||
| 130 | 0 |
_aLots of things to draw _lSlovensky |
|
| 245 | 1 | 0 |
_aMaľujeme veci okolo nás _cFiona Watt ... [et al.] ; návrhy a ilustrácie: Stella Baggot ... [et al.] ; [z anglického vydania preložil Martin Lukáč] |
| 250 | _a1. slov. vyd. | ||
| 260 |
_aBratislava _bSvojtka & Co. _c2010 |
||
| 300 |
_a95 s. _bfareb. ilustr. _c31 cm |
||
| 504 | _aReg. | ||
| 650 | 0 | 7 |
_amaľovanie _2SNKPH |
| 650 | 0 | 7 |
_akreslenie _2SNKPH |
| 650 | 0 | 7 |
_avýtvarné práce _2SNKPH |
| 650 | 0 | 7 |
_aPainting _2SNKPHeng |
| 650 | 0 | 7 |
_aDrawing _2SNKPHeng |
| 650 | 0 | 7 |
_aHandicraft _2SNKPHeng |
| 655 | 7 |
_apríručky _2SNKPH |
|
| 655 | 7 |
_apublikácie pre deti _2SNKPH |
|
| 655 | 7 |
_aHandbooks, manuals, etc. _2SNKPHeng |
|
| 655 | 7 |
_aChildren's literature _2SNKPHeng |
|
| 700 | 1 |
_aWatt, Fiona, _d1960- _4aut |
|
| 700 | 1 |
_aBaggot, Stella _4ill |
|
| 700 | 1 |
_aLukáč, Martin, _d1971 október 31.- _4trl |
|
| 942 |
_2ddc _cKLDE _n0 |
||
| 980 | _a087.5 | ||
| 999 |
_c22699 _d22699 |
||